Ladakh through the ages : (Record no. 129979)

MARC details
000 -LEADER
fixed length control field 00768nam a22002417a 4500
005 - DATE AND TIME OF LATEST TRANSACTION
control field 20170124110105.0
010 ## - LIBRARY OF CONGRESS CONTROL NUMBER
LC control number A-588425
020 ## - INTERNATIONAL STANDARD BOOK NUMBER
Terms of availability 00.00
International Standard Book Number 8185182752
035 ## - SYSTEM CONTROL NUMBER
System control number A-588425
037 ## - SOURCE OF ACQUISITION
Source of stock number/acquisition Cen Lib/Ret
040 ## - CATALOGING SOURCE
Original cataloging agency DPL
Language of cataloging EN
082 ## - DEWEY DECIMAL CLASSIFICATION NUMBER
Classification number 954.11
Item number KAU
100 ## - MAIN ENTRY--PERSONAL NAME
Personal name Kaul, Shridhar
9 (RLIN) 27969
245 ## - TITLE STATEMENT
Title Ladakh through the ages :
Statement of responsibility, etc by Shridhar Kaul [and] H.N.Kaul
Remainder of title towards a new identity /
260 ## - PUBLICATION, DISTRIBUTION, ETC. (IMPRINT)
Name of publisher, distributor, etc Indus Publishing Comapny
Place of publication, distribution, etc New Delhi
Date of publication, distribution, etc 1992
270 ## - ADDRESS
Address FS-5, Tagore Garden
City New Delhi
300 ## - PHYSICAL DESCRIPTION
Extent 368p. :
Dimensions 21cm(Hb)
Other physical details ill.
500 ## - GENERAL NOTE
General note Includes bibliographical references and index
650 ## - SUBJECT ADDED ENTRY--TOPICAL TERM
Topical term or geographic name as entry element Ladākh (India) -- History
9 (RLIN) 27970
650 ## - SUBJECT ADDED ENTRY--TOPICAL TERM
Topical term or geographic name as entry element Ladakh
9 (RLIN) 27971
700 ## - ADDED ENTRY--PERSONAL NAME
Personal name Kaul, H.N.
9 (RLIN) 18066
942 ## - ADDED ENTRY ELEMENTS (KOHA)
Source of classification or shelving scheme Dewey Decimal Classification
Koha item type English Books
Classification part 954.11
Call number suffix KAU
Holdings
Withdrawn status Lost status Damaged status Not for loan Home library Current library Date acquired Source of acquisition Cost, normal purchase price Total Checkouts Full call number Barcode Date last seen Copy number Cost, replacement price Price effective from Koha item type
        Central Library Central Library 08/07/2015 Cen Lib/Ret 0.00   954.11 KAU A-588425 08/07/2015 1 0.00 08/07/2015 English Books

© Delhi Public Library
Hit Counter
free hit counter